Sbírka příkladů z ekonomiky a řízení obchodních organizací 2

Salvato in:
Dettagli Bibliografici
Autore principale: Mrázová, Hana
Ente Autore: Vysoká škola ekonomická v Praze. Obchodní fakulta
Altri autori: Cimler, Petr
Natura: Libro
Lingua:ceco
Pubblicazione: Praha Státní pedagogické nakladatelství 1989
Edizione:1. vyd.
Tags: Aggiungi Tag
Nessun Tag, puoi essere il primo ad aggiungerne!!

MARC

LEADER 00000nam a2200000 4500
001 c029523
005 20230113115952.9
041 0 |a cze 
044 |a CZ 
245 1 0 |a Sbírka příkladů z ekonomiky a řízení obchodních organizací 2  |c Hana Mrázová, Petr Cimler 
250 |a 1. vyd. 
264 1 |a Praha  |b Státní pedagogické nakladatelství  |c 1989 
300 |a 112 s. 
100 1 |a Mrázová, Hana 
700 1 |a Cimler, Petr 
710 2 |a Vysoká škola ekonomická v Praze. Obchodní fakulta